000 00630nam a2200181 a 4500
001 000029473
005 20200930055557.0
008 110415s2008 dr a 000 0 spa d
040 _aDO-SdBNP
_bspa
_cBNPHU
082 _axxx
_bM475j
100 1 _aMaza Miquel, Manuel Pablo
_952777
245 1 0 _aJuventud entre montantes y faros :
_bejercicios para aprender a orientarse por las estrellas, porque para el viaje de la vida, no hay mapas.
260 _aSanto Domingo. :
_bPublicaciones de la Comunidad de Vida Cristiana
_a2008.
300 _a60 p. :
_bil.
_a23 cm.
490 1 _aApuntes
830 0 _aApuntes
_956347
049 _aBNPD
999 _c28965
_d28965